000 00277nam a22001217a 4500
008 170918b xxu||||| |||| 00| 0 eng d
041 _aeng
080 _a7
100 _a44
101 _aART
245 _aART OF THE FIFTIES, SIXITIES AND SEVENTIES
_cPANZA,G
942 _2udc
_cBK
999 _c28030
_d28030